Shakespeare : Hamlet

Paul Cantor presents a clearly structured introduction to Shakespeare's most famous tragedy. After examining Hamlet's status as tragic hero and central enigma of delayed revenge in light of the play's Renaissance context, Cantor discusses its dramatic and poetic techniques. He conside...

Descripción completa

Guardado en:
Detalles Bibliográficos
Autor principal: Cantor, Paul A.
Formato: Libro
Lenguaje:Undetermined
Publicado: Cambridge Cambridge University Press 2004
Materias:
Etiquetas: Agregar Etiqueta
Sin Etiquetas, Sea el primero en etiquetar este registro!
Thư viện lưu trữ: Trung tâm Học liệu Trường Đại học Cần Thơ
LEADER 01022nam a2200217Ia 4500
001 CTU_166454
008 210402s9999 xx 000 0 und d
020 |c 20.99 
082 |a 822.33 
082 |b C232 
100 |a Cantor, Paul A. 
245 0 |a Shakespeare : 
245 0 |b Hamlet 
245 0 |c Paul A. Cantor 
260 |a Cambridge 
260 |b Cambridge University Press 
260 |c 2004 
520 |a Paul Cantor presents a clearly structured introduction to Shakespeare's most famous tragedy. After examining Hamlet's status as tragic hero and central enigma of delayed revenge in light of the play's Renaissance context, Cantor discusses its dramatic and poetic techniques. He considers the uniquely varied reception of the play on the stage and in literature from the seventeenth century to the present day. 
650 |a Hamlet (Legendary character),Tragedy,Hamlet (nhân vật huyền thoại),Bi kịch 
904 |i QHieu, Trong Hieu 
980 |a Trung tâm Học liệu Trường Đại học Cần Thơ